000 00684nam a22002057a 4500
005 20100723101548.0
010 _aENG-96724
020 _a9788120335912
_c350.00
035 _aEN-80257
037 _bDBAD/PUB
082 _a620.11
100 _aMohanty, A.K
245 _aRate processes in metallurgy /
_cby A. K.Mohanty
260 _aNew Delhi
_bPHI Learning
_c2009
270 _aM-97,Connaught Circus
_bNew Delhi
_e110006
300 _aviii, 435p
_c24cm (pbk)
500 _aIncludes index
942 _2ddc
_cEN
_h620.11
_mMON
999 _c37296
_d37296